000 00483nam a2200181Ia 4500
008 090124s9999 xx 000 0 und d
082 _b129252
100 _aआपटे विद्या
245 _a दीर्घकथा
250 _a1
260 _c1999
300 _a381
600 _aआपटे विद्या
630 _a दीर्घकथा
700 _aआपटे विद्या
730 _a दीर्घकथा
942 _cBOOK
999 _c175341
_d175341